000 00603nam a22001817a 4500
008 160514b xxu||||| |||| 00| 0 eng d
020 _a9717250219
082 _22002
_aDFil 808.066
_bV79
100 _98238
_aVinuya, Remedios V.
245 _aTechnical research and report writing/
_cRemedios V. Vinuya
260 _aMakati City:
_bGrandwater Publicationsand Research Corporation,
_cc2002.
300 _aviii, 195 pages:
_billustrations;
_c22 cm.
500 _aInclude bibliography
650 0 _98239
_aTechnical writing
650 0 _98240
_aReport writing
365 _a277.00
_bPhp.
942 _2ddc
_cDFIL
999 _c2489
_d2489